000
00369nam a2200145Ia 4500
008
231129s2011||||xx |||||||||||||| ||spa||
020
_a
978-958-45-1675-6
040
_b
spa
082
_a
(i) 813.5 P416cl
100
_a
Pennypacker Sara
245
0
_a
Clementina
260
_c
2011
264
_a
Grupo Editorial Norma
942
_2
ddc
_c
BKS
999
_c
701
_d
701